[Event "GER-chT U10"]
[Site "Magdeburg"]
[Date "2016.12.29"]
[Round "6.3"]
[White "Rathje, Enno"]
[Black "Heller, Fabian Nicolas"]
[Result "0-1"]
[WhiteElo "840"]
[BlackElo "756"]
[PlyCount "116"]
[EventDate "2016.12.27"]
[EventType "team-swiss"]
[EventRounds "7"]
[EventCountry "GER"]
[SourceTitle "EXT 2018"]
[Source "ChessBase"]
[SourceDate "2017.10.13"]
[SourceVersion "1"]
[SourceVersionDate "2017.10.13"]
[SourceQuality "1"]
[WhiteTeam "Stade II"]
[BlackTeam "Bebenhausen"]
[WhiteTeamCountry "GER"]
[BlackTeamCountry "GER"]

1. e4 c5 2. Nc3 Nc6 3. Nf3 g6 4. d4 cxd4 5. Nxd4 Bg7 6. Be3 Nf6 7. Bc4 Ng4 8. Qxg4 d5 9. exd5 Bxg4 10. Bb5 Qb6 11. Ne6 fxe6 12. Bxb6 axb6 13. dxc6 0-0 14. cxb7 Rab8 15. Bc6 Bf5 16. 0-0-0 Bh6+ 17. Kb1 Rf6 18. f3 e5 19. g4 Rxc6 20. gxf5 gxf5 21. Rd7 Bf8 22. Nd5 Kf7 23. Nb4 Rd6 24. Rc7 Rdd8 25. Nc6 Ke8 26. Nxd8 Kxd8 27. Rc4 Rxb7 28. Rd1+ Ke8 29. Rd5 Bg7 30. Rc8+ Kf7 31. f4 e6 32. Rd1 exf4 33. Rf1 Bh6 34. Rc3 Bg7 35. Rd3 e5 36. c4 e4 37. Rd5 Ke6 38. Rxf4 Rc7 39. b3 h6 40. Rfxf5 e3 41. Rf1 Re7 42. Re1 Kf7 43. Rb5 e2 44. Rxb6 Bc3 45. Rg1 Bd4 46. Re1 Bxb6 47. Kc2 Bf2 48. Rc1 e1Q 49. Rxe1 Bxe1 50. a4 Bb4 51. Kd3 Rc7 52. Kd4 Ke7 53. Kd5 Kd7 54. Kd4 Rb7 55. Kd3 Bd6 56. Kc3 Bxh2 57. Kd3 Rxb3+ 58. Kd4 Ra3 0-1

[Event "GER-chT U10"]
[Site "Magdeburg"]
[Date "2016.12.27"]
[Round "2.3"]
[White "Nguyen, Jenny Ha Linh"]
[Black "Heller, Fabian Nicolas"]
[Result "1-0"]
[WhiteElo "1061"]
[BlackElo "756"]
[PlyCount "75"]
[EventDate "2016.12.27"]
[EventType "team-swiss"]
[EventRounds "7"]
[EventCountry "GER"]
[SourceTitle "EXT 2018"]
[Source "ChessBase"]
[SourceDate "2017.10.13"]
[SourceVersion "1"]
[SourceVersionDate "2017.10.13"]
[SourceQuality "1"]
[WhiteTeam "Leipzig Gruen Weiss"]
[BlackTeam "Bebenhausen"]
[WhiteTeamCountry "GER"]
[BlackTeamCountry "GER"]

1. e4 c5 2. Nf3 Nc6 3. Nc3 g6 4. g3 Bg7 5. Bg2 e6 6. 0-0 d5 7. exd5 exd5 8. Re1+ Nge7 9. d3 0-0 10. Bd2 Bg4 11. h3 Bxf3 12. Bxf3 Qd7 13. Bg2 Rfe8 14. Kh2 Nf5 15. f4 Rxe1 16. Qxe1 Re8 17. Qf2 d4 18. Ne4 h6 19. Nxc5 Qc7 20. Re1 Rxe1 21. Qxe1 b6 22. Qe8+ Bf8 23. Bxc6 Ng7 24. Qd7 Qxd7 25. Bxd7 bxc5 26. c3 dxc3 27. bxc3 Nh5 28. Be3 Nf6 29. Bb5 Nd5 30. Bd2 Bg7 31. c4 Nc7 32. Ba4 Kf8 33. Be3 Bd4 34. Bxd4 cxd4 35. c5 Na6 36. c6 Ke7 37. Bb5 Nb8 38. c7 1-0